Application of lignins in rubber compounds (Record no. 54376)

MARC details
000 -LEADER
fixed length control field 00542nam a2200229Ia 4500
100 ## - MAIN ENTRY--AUTHOR NAME
Personal name Alexy P
245 #0 - TITLE STATEMENT
Title Application of lignins in rubber compounds
260 ## - PUBLICATION, DISTRIBUTION, ETC. (IMPRINT)
Name of publisher Kautschuk Gummi Kunststoffe
Year of publication 2008
300 ## - PHYSICAL DESCRIPTION
Number of Pages 26-32
650 ## - SUBJECT ADDED ENTRY--TOPICAL TERM
Topical Term Filler
650 ## - SUBJECT ADDED ENTRY--TOPICAL TERM
Topical Term Lignin
650 ## - SUBJECT ADDED ENTRY--TOPICAL TERM
Topical Term Rubber compounds
700 ## - ADDED ENTRY--PERSONAL NAME
Personal name Chodak I
700 ## - ADDED ENTRY--PERSONAL NAME
Personal name Duracka M
700 ## - ADDED ENTRY--PERSONAL NAME
Personal name Feranc J
700 ## - ADDED ENTRY--PERSONAL NAME
Personal name Hajsova M
700 ## - ADDED ENTRY--PERSONAL NAME
Personal name Ilisch S
700 ## - ADDED ENTRY--PERSONAL NAME
Personal name Kramarova Z
700 ## - ADDED ENTRY--PERSONAL NAME
Personal name Moskova D
942 ## - ADDED ENTRY ELEMENTS (KOHA)
Koha item type Journals
Holdings
Withdrawn status Lost status Damaged status Not for loan Home library Current library Shelving location Date acquired Serial Enumeration / chronology Koha item type
      Journals RRII Library RRII Library Rubber chemistry 04/06/2008 Volume 61, Issue 02-Jan Journals